Guingamp Best Scorer By Year - Statistics

General Stats
  • This quiz has been taken 57 times
  • The average score is 4 of 13
Answer Stats
Player % Correct
Didier Drogba
77%
Claudio Beauvue
72%
Jimmy Briand
70%
Mustapha Yatabaré
62%
Marcus Thuram
53%
Yannis Salibur
34%
Sloan Privat
26%
Lionel Rouxel
15%
Bruno Rodriguez
9%
Moumouni Dagano
9%
Christopher Wreh
6%
Daniel Moreira
6%
Cédric Bardon
4%
No matching quizzes found
Score Distribution
Percent of People with Each Score
Percentile by Number Answered
Your Score History
You have not taken this quiz